[Event "NED-ch KO"]
[Site "Utrecht"]
[Date "2024.07.11"]
[Round "3.3"]
[White "Sokolov, Ivan"]
[Black "Tiviakov, Sergei"]
[Result "0-1"]
[WhiteElo "2589"]
[BlackElo "2519"]
[PlyCount "80"]
[EventDate "2024.07.06"]
[EventType "k.o."]
[EventRounds "4"]
[EventCountry "NED"]
[SourceTitle "CBM 221 Extra"]
[Source "ChessBase"]
[SourceDate "2024.09.30"]
[SourceVersion "1"]
[SourceVersionDate "2024.09.30"]
[SourceQuality "1"]

1. d4 Nf6 2. c4 e6 3. Nc3 Bb4 4. a3 Bxc3+ 5. bxc3 b6 6. f3 Ba6 7. e4 Nc6 8. Bd3 Na5 9. Qe2 d6 10. f4 Qd7 11. e5 Ng8 12. Nf3 Ne7 13. 0-0 d5 14. cxd5 Bxd3 15. Qxd3 Qxd5 16. a4 Nc4 17. Rb1 h6 18. Rb4 Na5 19. c4 Qd7 20. Qe4 Nec6 21. c5 Rd8 22. Rb1 Nxd4 23. cxb6 axb6 24. Ba3 Qxa4 25. Bb4 Qc6 26. Qe1 Nc2 27. Qg3 Nxb4 28. Qxg7 Rf8 29. Rxb4 Qc5+ 30. Kh1 Qxb4 31. f5 Qc4 32. Re1 Nc6 33. Qxh6 Ne7 34. fxe6 Qxe6 35. Qh5 Qf5 36. Qh4 Ng6 37. Qc4 Rd7 38. Nd4 Qf4 39. e6 Rxd4 40. exf7+ Kd8 0-1

[Event "NED-ch KO"]
[Site "Utrecht"]
[Date "2024.07.08"]
[Round "2.1"]
[White "Sokolov, Ivan"]
[Black "Reinderman, Dimitri"]
[Result "1/2-1/2"]
[WhiteElo "2589"]
[BlackElo "2577"]
[PlyCount "81"]
[EventDate "2024.07.06"]
[EventType "k.o."]
[EventRounds "4"]
[EventCountry "NED"]
[SourceTitle "CBM 221 Extra"]
[Source "ChessBase"]
[SourceDate "2024.09.30"]
[SourceVersion "1"]
[SourceVersionDate "2024.09.30"]
[SourceQuality "1"]

1. d4 Nf6 2. c4 g6 3. Nc3 Bg7 4. Bg5 d6 5. e3 0-0 6. Nf3 c5 7. d5 h6 8. Bh4 Bf5 9. Nd2 g5 10. Bg3 Bg6 11. Be2 Qb6 12. Na4 Qa5 13. 0-0 Ne4 14. Nxe4 Bxe4 15. Nc3 Bxc3 16. bxc3 Qxc3 17. Rc1 Qg7 18. Qb3 b6 19. f3 Bg6 20. Be1 f5 21. Bc3 Qh7 22. a4 Nd7 23. a5 Rab8 24. axb6 axb6 25. Ra1 Rb7 26. Ra6 Qf7 27. Rfa1 Rfb8 28. Ra7 Qe8 29. Rxb7 Rxb7 30. Ra6 e5 31. dxe6 Qxe6 32. Bb2 f4 33. Ra8+ Kf7 34. e4 Ne5 35. Ra6 Ke7 36. Rxb6 Rxb6 37. Qxb6 Bf7 38. Qb8 Be8 39. Qa7+ Qd7 40. Qb8 Qe6 41. Qa7+ 1/2-1/2

[Event "NED-ch KO"]
[Site "Utrecht"]
[Date "2024.07.07"]
[Round "1.2"]
[White "Sokolov, Ivan"]
[Black "Beerdsen, Thomas"]
[Result "1-0"]
[WhiteElo "2589"]
[BlackElo "2510"]
[PlyCount "57"]
[EventDate "2024.07.06"]
[EventType "k.o."]
[EventRounds "4"]
[EventCountry "NED"]
[SourceTitle "CBM 221 Extra"]
[Source "ChessBase"]
[SourceDate "2024.09.30"]
[SourceVersion "1"]
[SourceVersionDate "2024.09.30"]
[SourceQuality "1"]

1. d4 d5 2. c4 e6 3. Nf3 Nf6 4. Nc3 Nbd7 5. Bg5 h6 6. Bh4 Be7 7. Qc2 0-0 8. Rd1 b6 9. cxd5 exd5 10. e3 Bb7 11. Bd3 Re8 12. 0-0 Ne4 13. Nxd5 Bxh4 14. Bxe4 Kh8 15. Nf6 Bxe4 16. Nxe4 Rc8 17. Nc3 Bf6 18. Nb5 a6 19. Na7 Ra8 20. Nc6 Qc8 21. e4 g6 22. e5 Bg7 23. Rfe1 a5 24. Rc1 Nf8 25. d5 Qg4 26. h3 Qh5 27. Kh2 g5 28. g4 Qg6 29. Qf5 1-0

[Event "Cluj GP Rapid"]
[Site "Cluj"]
[Date "2024.06.14"]
[Round "5"]
[White "Sokolov, Ivan"]
[Black "Craciun, Sasha Matei"]
[Result "0-1"]
[WhiteElo "2589"]
[BlackElo "2171"]
[PlyCount "148"]
[EventDate "2024.06.13"]
[EventType "swiss (rapid)"]
[EventRounds "10"]
[EventCountry "ROU"]
[SourceTitle "CBM 220 Extra"]
[Source "ChessBase"]
[SourceDate "2024.07.31"]
[SourceVersion "1"]
[SourceVersionDate "2024.07.31"]
[SourceQuality "1"]

1. d4 d5 2. c4 e6 3. Nc3 Be7 4. cxd5 exd5 5. Bf4 c6 6. e3 Nf6 7. Bd3 0-0 8. h3 Nbd7 9. Nf3 Re8 10. Qc2 Nf8 11. g4 Ng6 12. Bg3 Bd6 13. Bxd6 Qxd6 14. 0-0-0 a5 15. Kb1 b6 16. g5 Nd7 17. h4 Ba6 18. Bf5 b5 19. h5 Ngf8 20. Ne2 b4 21. Nf4 a4 22. g6 h6 23. gxf7+ Kxf7 24. Qd2 b3 25. a3 Qf6 26. Nh4 Nb6 27. Rdg1 Bc8 28. Bg6+ Nxg6 29. Rxg6 Bf5+ 30. Nxf5 Qxf5+ 31. Ka1 Nc4 32. Qc3 Rab8 33. Rhg1 Rg8 34. Qd3 Qxd3 35. Nxd3 Rbc8 36. Nc5 Nd2 37. Nxa4 Ne4 38. R6g2 Nf6 39. Nc5 Nxh5 40. Nxb3 Nf6 41. Nc5 g5 42. b4 g4 43. Kb2 h5 44. Rh1 Rh8 45. Rh4 Ne4 46. Nxe4 dxe4 47. Kc3 Kg6 48. a4 Kg5 49. Rh1 h4 50. Rhg1 g3 51. fxg3 h3 52. Rf2 Rcf8 53. Rf4 h2 54. Rh1 Rxf4 55. gxf4+ Kg4 56. Kc4 Kf3 57. a5 Kxe3 58. f5 Kf2 59. a6 e3 60. a7 Kg2 61. Ra1 Ra8 62. Ra2+ Kg1 63. Kd3 h1Q 64. Ra1+ Kg2 65. Rxh1 Kxh1 66. Kxe3 Rxa7 67. Kf4 Rb7 68. f6 Rxb4 69. Ke5 Kg2 70. f7 Rb8 71. Kd6 Kf3 72. Kxc6 Rf8 73. d5 Ke4 74. d6 Ke5 0-1

[Event "Cluj GP Rapid"]
[Site "Cluj"]
[Date "2024.06.13"]
[Round "1"]
[White "Sokolov, Ivan"]
[Black "Ciciovean, Paul Nicolae"]
[Result "1-0"]
[WhiteElo "2589"]
[BlackElo "1672"]
[PlyCount "61"]
[EventDate "2024.06.13"]
[EventType "swiss (rapid)"]
[EventRounds "10"]
[EventCountry "ROU"]
[SourceTitle "CBM 220 Extra"]
[Source "ChessBase"]
[SourceDate "2024.07.31"]
[SourceVersion "1"]
[SourceVersionDate "2024.07.31"]
[SourceQuality "1"]

1. d4 c6 2. e4 d5 3. exd5 cxd5 4. Bd3 Nf6 5. c3 g6 6. h3 Bg7 7. Nf3 Nc6 8. Bf4 0-0 9. Nbd2 Re8 10. 0-0 Bd7 11. Re1 a6 12. a4 h6 13. b4 Rc8 14. Rc1 e6 15. Nb3 Kh7 16. Nc5 a5 17. b5 Ne7 18. Nxb7 Qb6 19. Nd6 Nf5 20. Nxf7 Rf8 21. N7e5 Be8 22. c4 dxc4 23. Nxc4 Qd8 24. Rxe6 Bf7 25. Ra6 Nd5 26. Be5 Nb4 27. Bxf5 Rxc4 28. Rxg6 Bxg6 29. Bxg6+ Kxg6 30. Rxc4 Qd5 31. Qb1+ 1-0

[Event "Bucharest Grand Prix op"]
[Site "Bucharest"]
[Date "2024.03.23"]
[Round "4"]
[White "Sokolov, Ivan"]
[Black "Shuvalova, Polina"]
[Result "0-1"]
[WhiteElo "2590"]
[BlackElo "2455"]
[PlyCount "72"]
[EventDate "2024.03.23"]
[EventType "swiss (rapid)"]
[EventRounds "10"]
[EventCountry "ROU"]
[SourceTitle "CBM 219 Extra"]
[Source "ChessBase"]
[SourceDate "2024.05.31"]
[SourceVersion "1"]
[SourceVersionDate "2024.05.31"]
[SourceQuality "1"]

1. d4 Nf6 2. c4 e6 3. Nc3 d5 4. cxd5 Nxd5 5. e4 Nxc3 6. bxc3 c5 7. Rb1 Be7 8. Nf3 0-0 9. Be2 b6 10. 0-0 Bb7 11. Qc2 Qc7 12. Be3 cxd4 13. Nxd4 Nd7 14. f3 Rfc8 15. Nb5 Qc6 16. Rfc1 Bc5 17. Nd4 Qc7 18. Qd2 Rd8 19. Kh1 Nf8 20. Qe1 e5 21. Qg3 Ng6 22. h4 Rac8 23. Bg5 Be7 24. Nf5 Bxg5 25. Qxg5 f6 26. Qg4 Rd2 27. h5 Nf4 28. Bf1 Rcd8 29. h6 g6 30. Ng7 Bc8 31. Qh4 Qe7 32. c4 Ne6 33. Nxe6 Bxe6 34. a4 Ra2 35. c5 bxc5 36. Rxc5 g5 0-1

[Event "NED-chT 2324"]
[Site "Netherlands"]
[Date "2024.03.02"]
[Round "7.2"]
[White "Sokolov, Ivan"]
[Black "De Winter, Arthur"]
[Result "1/2-1/2"]
[WhiteElo "2590"]
[BlackElo "2401"]
[PlyCount "62"]
[EventDate "2023.09.16"]
[EventType "team-tourn"]
[EventRounds "9"]
[EventCountry "NED"]
[SourceTitle "EXT 2025"]
[Source "ChessBase"]
[SourceDate "2024.10.14"]
[SourceVersion "1"]
[SourceVersionDate "2024.10.14"]
[SourceQuality "1"]
[WhiteTeam "Kennemer Combinatie"]
[BlackTeam "Amstelveen Zukertort"]
[WhiteTeamCountry "NED"]
[BlackTeamCountry "NED"]

1. d4 d5 2. Nf3 Nf6 3. c4 dxc4 4. e3 e6 5. Bxc4 c5 6. 0-0 a6 7. dxc5 Bxc5 8. Qxd8+ Kxd8 9. Be2 Ke7 10. Ne5 Nbd7 11. Nd3 Bd6 12. Nd2 b5 13. Nb3 Bb7 14. Na5 Bd5 15. f3 Rhc8 16. e4 Bc4 17. Rd1 Bxd3 18. Bxd3 Bb4 19. Nb3 Nc5 20. Nxc5 Bxc5+ 21. Kf1 Nd7 22. a4 bxa4 23. Rxa4 a5 24. Bd2 Rab8 25. Bc3 Bb4 26. Bxg7 Nc5 27. Raa1 Nb3 28. Be5 Ra8 29. Ra4 Nc5 30. Raa1 Nb3 31. Ra4 Nc5 1/2-1/2

[Event "Zagreb Peace"]
[Site "Zagreb"]
[Date "2023.11.30"]
[Round "9"]
[White "Kozul, Zdenko"]
[Black "Sokolov, Ivan"]
[Result "0-1"]
[WhiteElo "2531"]
[BlackElo "2588"]
[PlyCount "82"]
[EventDate "2023.11.22"]
[EventType "tourn"]
[EventRounds "9"]
[EventCountry "CRO"]
[EventCategory "15"]
[SourceTitle "CBM 217 Extra"]
[Source "ChessBase"]
[SourceDate "2024.01.31"]
[SourceVersion "1"]
[SourceVersionDate "2024.01.31"]
[SourceQuality "1"]

1. d4 Nf6 2. c4 e6 3. g3 d5 4. Bg2 Bb4+ 5. Bd2 Bd6 6. Nf3 Nc6 7. Bc3 Ne4 8. Nbd2 Nxc3 9. bxc3 0-0 10. Qc2 Re8 11. h4 h6 12. 0-0 dxc4 13. Nxc4 e5 14. e4 Qf6 15. d5 Nb8 16. a4 Na6 17. Nfd2 Bd7 18. Rfb1 Nc5 19. Bf1 Bf8 20. Ne3 h5 21. a5 g6 22. Kg2 Bh6 23. Nb3 Bxe3 24. fxe3 Nxb3 25. Rxb3 b6 26. c4 g5 27. Qf2 Qg6 28. hxg5 Qxg5 29. Kh2 Kg7 30. c5 bxc5 31. Rb7 Rac8 32. Bc4 Rh8 33. Rxa7 Bg4 34. d6 h4 35. Qxf7+ Kh6 36. Qe7 hxg3+ 37. Kg2 Bh3+ 38. Kh1 Bf1 39. Qxg5+ Kxg5+ 40. Kg1 Bxc4 41. d7 Rcd8 0-1

[Event "Zagreb Peace"]
[Site "Zagreb"]
[Date "2023.11.28"]
[Round "7"]
[White "Niemann, Hans Moke"]
[Black "Sokolov, Ivan"]
[Result "1-0"]
[WhiteElo "2659"]
[BlackElo "2588"]
[PlyCount "73"]
[EventDate "2023.11.22"]
[EventType "tourn"]
[EventRounds "9"]
[EventCountry "CRO"]
[EventCategory "15"]
[SourceTitle "CBM 217 Extra"]
[Source "ChessBase"]
[SourceDate "2024.01.31"]
[SourceVersion "1"]
[SourceVersionDate "2024.01.31"]
[SourceQuality "1"]

1. e4 e5 2. Nf3 Nc6 3. Bc4 Bc5 4. c3 Nf6 5. d3 d6 6. 0-0 h6 7. Nbd2 a5 8. Re1 0-0 9. Nf1 Ne7 10. d4 exd4 11. cxd4 Bb6 12. h3 d5 13. e5 Ne4 14. Bd3 c5 15. Ng3 Bf5 16. Nxf5 Nxf5 17. Bxe4 dxe4 18. Rxe4 Qd5 19. Rg4 Kh8 20. Qd3 Nxd4 21. Ng5 hxg5 22. Bxg5 Nf3+ 23. Qxf3 Qxf3 24. gxf3 Bd8 25. Be3 Be7 26. Kh1 Rfe8 27. f4 Bf8 28. a4 Ra6 29. Bd2 c4 30. Bc3 Rh6 31. Kh2 Bb4 32. Rag1 g6 33. Rd1 Bxc3 34. bxc3 Re7 35. Rd5 b6 36. Rd4 Rc7 37. Rd6 1-0

[Event "Zagreb Peace"]
[Site "Zagreb"]
[Date "2023.11.27"]
[Round "6"]
[White "Sokolov, Ivan"]
[Black "Motylev, Alexander"]
[Result "1/2-1/2"]
[WhiteElo "2588"]
[BlackElo "2619"]
[PlyCount "53"]
[EventDate "2023.11.22"]
[EventType "tourn"]
[EventRounds "9"]
[EventCountry "CRO"]
[EventCategory "15"]
[SourceTitle "CBM 217 Extra"]
[Source "ChessBase"]
[SourceDate "2024.01.31"]
[SourceVersion "1"]
[SourceVersionDate "2024.01.31"]
[SourceQuality "1"]

1. d4 d5 2. c4 c6 3. Nf3 Nf6 4. Nc3 e6 5. g3 dxc4 6. Bg2 b5 7. Ne5 a6 8. 0-0 Bb7 9. Qc2 Qxd4 10. Bf4 Be7 11. Ne4 Nd5 12. Rad1 Qb6 13. h4 c5 14. Ng5 Bxg5 15. hxg5 Nxf4 16. gxf4 Bxg2 17. Kxg2 f6 18. gxf6 gxf6 19. Kh2 fxe5 20. Qe4 Qc6 21. Qxe5 Rg8 22. Rg1 Rxg1 23. Qh8+ Ke7 24. Qxh7+ Ke8 25. Qh8+ Ke7 26. Qh7+ Ke8 27. Qh8+ 1/2-1/2

[Event "Sebes GP op"]
[Site "Sebes"]
[Date "2023.11.05"]
[Round "7"]
[White "Ognean, Mihnea Ionut"]
[Black "Sokolov, Ivan"]
[Result "0-1"]
[WhiteElo "2389"]
[BlackElo "2591"]
[PlyCount "72"]
[EventDate "2023.11.04"]
[EventType "swiss"]
[EventRounds "10"]
[EventCountry "ROU"]
[SourceTitle "CBM 217 Extra"]
[Source "ChessBase"]
[SourceDate "2024.01.31"]
[SourceVersion "1"]
[SourceVersionDate "2024.01.31"]
[SourceQuality "1"]

1. e4 e5 2. Nf3 Nc6 3. Nc3 Nf6 4. h3 d6 5. d4 exd4 6. Nxd4 Be7 7. Be3 0-0 8. Qd2 d5 9. exd5 Nxd5 10. Nxc6 bxc6 11. Nxd5 cxd5 12. Be2 c5 13. c4 d4 14. Bf4 Bb7 15. 0-0 Bd6 16. Bd3 Qc7 17. Bxd6 Qxd6 18. Rfe1 Rae8 19. a3 Re6 20. Rxe6 fxe6 21. Re1 e5 22. Qg5 Qf6 23. Qxf6 gxf6 24. b4 a6 25. bxc5 Bc6 26. Bf5 Rd8 27. Kf1 Rb8 28. Be6+ Kf8 29. Bd5 Ba4 30. f4 d3 31. Bf3 d2 32. Ra1 exf4 33. c6 Rc8 34. Bd1 Bxc6 35. Rb1 Re8 36. Kf2 Re1 0-1

[Event "CRO-chT1B 31st"]
[Site "Veli Losinj"]
[Date "2023.10.16"]
[Round "6.1"]
[White "Sokolov, Ivan"]
[Black "Popovic, Dusan"]
[Result "1-0"]
[WhiteElo "2591"]
[BlackElo "2498"]
[PlyCount "63"]
[EventDate "2023.10.11"]
[EventType "team-tourn"]
[EventRounds "9"]
[EventCountry "CRO"]
[SourceTitle "EXT 2025"]
[Source "ChessBase"]
[SourceDate "2024.10.14"]
[SourceVersion "1"]
[SourceVersionDate "2024.10.14"]
[SourceQuality "1"]
[WhiteTeam "Strigova Stridon"]
[BlackTeam "Djakovo Djakovo"]
[WhiteTeamCountry "CRO"]
[BlackTeamCountry "CRO"]

1. d4 Nf6 2. c4 g6 3. Nc3 Bg7 4. e4 d6 5. Nf3 0-0 6. Bd3 Nc6 7. d5 Nb4 8. Be2 e6 9. Bg5 exd5 10. cxd5 h6 11. Be3 Re8 12. Nd2 c6 13. a3 Na6 14. Bxa6 bxa6 15. dxc6 d5 16. Qa4 Be6 17. 0-0 Qc7 18. exd5 Nxd5 19. Nxd5 Bxd5 20. Rac1 Re6 21. Qxa6 Bxc6 22. b4 Qd7 23. Qa5 Bb5 24. Rfd1 Ra6 25. Nc4 Qb7 26. Rd8+ Kh7 27. Nd6 Qd5 28. Nc8 Qf5 29. Qc7 Bd3 30. Nd6 Rxd6 31. Qxd6 Be5 32. Qxd3 1-0

[Event "CRO-chT1B 31st"]
[Site "Veli Losinj"]
[Date "2023.10.15"]
[Round "5.52"]
[White "Sokolov, Ivan"]
[Black "Barbot, Pierre"]
[Result "1-0"]
[WhiteElo "2591"]
[BlackElo "2460"]
[PlyCount "93"]
[EventDate "2023.10.11"]
[EventType "team-tourn"]
[EventRounds "9"]
[EventCountry "CRO"]
[SourceTitle "CBM 216 Extra"]
[Source "ChessBase"]
[SourceDate "2023.11.30"]
[SourceVersion "1"]
[SourceVersionDate "2023.11.30"]
[SourceQuality "1"]
[WhiteTeam "Strigova Stridon"]
[BlackTeam "Novo Virje Konaki"]
[WhiteTeamCountry "CRO"]
[BlackTeamCountry "CRO"]

1. d4 Nf6 2. c4 e6 3. Nc3 Bb4 4. e3 0-0 5. Bd3 d5 6. Nf3 c5 7. a3 cxd4 8. axb4 dxc3 9. cxd5 cxb2 10. Bxb2 exd5 11. h3 Nbd7 12. Qb3 Nb6 13. 0-0 h6 14. Rfd1 Be6 15. Nd4 Qe7 16. Nf5 Bxf5 17. Bxf5 Ne4 18. Rd4 Rfe8 19. Rad1 Qg5 20. Rxd5 Nxd5 21. Rxd5 Qh4 22. Qc2 Nf6 23. Rb5 Ne4 24. Rxb7 Nd6 25. Bh7+ Kh8 26. Bxg7+ Kxg7 27. Qg6+ Kh8 28. Qxd6 Rad8 29. Qc6 Re6 30. Qc7 Rf8 31. Bb1 Kg7 32. Qc2 Rh8 33. g3 Qf6 34. Rxa7 Rc6 35. Qd1 Rhc8 36. Qg4+ Kf8 37. Ba2 Rc1+ 38. Kg2 R1c7 39. b5 Rxa7 40. Qxc8+ Kg7 41. Qg4+ Kf8 42. Bd5 Ra1 43. Qb4+ Kg7 44. b6 Qe5 45. Qg4+ Kf6 46. e4 Ke7 47. Qg8 1-0

[Event "CRO-chT1B 31st"]
[Site "Veli Losinj"]
[Date "2023.10.13"]
[Round "3.42"]
[White "Sokolov, Ivan"]
[Black "Drnovsek, Gal"]
[Result "1-0"]
[WhiteElo "2591"]
[BlackElo "2401"]
[PlyCount "101"]
[EventDate "2023.10.11"]
[EventType "team-tourn"]
[EventRounds "9"]
[EventCountry "CRO"]
[SourceTitle "CBM 216 Extra"]
[Source "ChessBase"]
[SourceDate "2023.11.30"]
[SourceVersion "1"]
[SourceVersionDate "2023.11.30"]
[SourceQuality "1"]
[WhiteTeam "Strigova Stridon"]
[BlackTeam "Rijeka Rijeka"]
[WhiteTeamCountry "CRO"]
[BlackTeamCountry "CRO"]

1. d4 Nf6 2. c4 e6 3. Nc3 Bb4 4. e3 0-0 5. Bd3 c5 6. a3 Bxc3+ 7. bxc3 Nc6 8. Rb1 b6 9. e4 Ne8 10. Nf3 Ba6 11. e5 f6 12. Qe2 Rc8 13. 0-0 cxd4 14. cxd4 Na5 15. Rb4 Qc7 16. Bf4 Nc6 17. Ra4 Bb7 18. Bg3 f5 19. d5 Na5 20. d6 Qc5 21. Bf4 Ba6 22. Rc1 Bb7 23. Rb4 g6 24. Rb5 Qxa3 25. Ne1 Qa4 26. Bh6 Ng7 27. c5 Nb3 28. Qd1 Nxc5 29. Qxa4 Nxa4 30. Ra1 Nc5 31. Rxa7 Ra8 32. Rxa8 Rxa8 33. Rxb6 Nxd3 34. Nxd3 Be4 35. Nc1 Kf7 36. f3 Bd5 37. Rb2 Nh5 38. Nd3 g5 39. Bxg5 Rg8 40. f4 Rg6 41. g3 h6 42. Bh4 Rg8 43. Kf2 Be4 44. Ke3 Rc8 45. Kd4 Ra8 46. Nc5 Bc6 47. Rb6 Rc8 48. Rxc6 Rxc6 49. Nxd7 Rc1 50. Nc5 Rd1+ 51. Kc4 1-0

[Event "Timisoara Foisor Memorial Rapid"]
[Site "Timisoara"]
[Date "2023.08.06"]
[Round "8"]
[White "Toma, Radu Cristian"]
[Black "Sokolov, Ivan"]
[Result "0-1"]
[WhiteElo "2373"]
[BlackElo "2591"]
[PlyCount "68"]
[EventDate "2023.08.05"]
[EventType "swiss (rapid)"]
[EventRounds "10"]
[EventCountry "ROU"]
[SourceTitle "CBM 215 Extra"]
[Source "ChessBase"]
[SourceDate "2023.09.30"]
[SourceVersion "1"]
[SourceVersionDate "2023.09.30"]
[SourceQuality "1"]

1. d4 Nf6 2. c4 e6 3. Nf3 b6 4. g3 Ba6 5. Qc2 Bb4+ 6. Bd2 Bxd2+ 7. Nbxd2 Bb7 8. Bg2 c5 9. e3 0-0 10. 0-0 d6 11. a3 Nbd7 12. b4 cxd4 13. exd4 Rc8 14. Rfe1 Rc7 15. Qb3 Qa8 16. Nh4 Bxg2 17. Nxg2 e5 18. dxe5 Nxe5 19. f4 Ned7 20. Re3 d5 21. cxd5 Nxd5 22. Rd3 N7f6 23. Re1 a5 24. h3 Rfc8 25. Kh2 Rc2 26. Ne4 Nxb4 27. Rde3 Rxg2+ 28. Kxg2 Nc2 29. Kh2 Nxe3 30. Nxf6+ gxf6 31. Rxe3 Rc1 32. Rf3 Qe4 33. h4 Qe2+ 34. Kh3 h5 0-1

[Event "Timisoara Foisor Memorial Rapid"]
[Site "Timisoara"]
[Date "2023.08.05"]
[Round "4"]
[White "Prraneeth, Vuppala"]
[Black "Sokolov, Ivan"]
[Result "1/2-1/2"]
[WhiteElo "2485"]
[BlackElo "2591"]
[PlyCount "123"]
[EventDate "2023.08.05"]
[EventType "swiss (rapid)"]
[EventRounds "10"]
[EventCountry "ROU"]
[SourceTitle "CBM 215 Extra"]
[Source "ChessBase"]
[SourceDate "2023.09.30"]
[SourceVersion "1"]
[SourceVersionDate "2023.09.30"]
[SourceQuality "1"]

1. e4 e5 2. Nf3 Nc6 3. Bb5 a6 4. Ba4 Nf6 5. 0-0 Be7 6. Re1 b5 7. Bb3 d6 8. c3 0-0 9. h3 Nb8 10. d4 Nbd7 11. Nbd2 Bb7 12. Bc2 Re8 13. Nf1 Bf8 14. Ng3 g6 15. Bd2 exd4 16. cxd4 c5 17. Bf4 cxd4 18. Qxd4 Nc5 19. Rad1 Rc8 20. Bb1 Ne6 21. Qd2 Nxf4 22. Qxf4 Nd7 23. a3 Qf6 24. Qxf6 Nxf6 25. Ba2 h6 26. Rc1 Nd7 27. Nd4 Bg7 28. Rxc8 Rxc8 29. Rd1 Kf8 30. f3 Nb6 31. Nge2 Na4 32. Rd2 h5 33. b3 Nc3 34. Nxc3 Rxc3 35. Ne2 Rc7 36. b4 Bh6 37. Rb2 h4 38. Kf2 Ke7 39. Bb3 Kf6 40. Ra2 Ke5 41. a4 f5 42. axb5 axb5 43. exf5 gxf5 44. Ra5 Bc6 45. Ba4 Rb7 46. Nc3 Bd2 47. Bxb5 Bxb5 48. Rxb5+ Rxb5 49. Nxb5 Bxb4 50. Ke3 Bc5+ 51. Kd3 Kf4 52. Ke2 Bb4 53. Nd4 Bc3 54. Nc2 d5 55. Ne3 d4 56. Nf1 Bb4 57. Kd3 Bc5 58. Kc4 Ba7 59. Kd3 Bb6 60. Kc4 Ke5 61. Kd3 Kf4 62. Kc4 1/2-1/2

[Event "NED-chT 2223"]
[Site "Netherlands"]
[Date "2022.11.05"]
[Round "3.2"]
[White "Sokolov, Ivan"]
[Black "Van Delft, Merijn"]
[Result "1/2-1/2"]
[WhiteElo "2593"]
[BlackElo "2367"]
[PlyCount "60"]
[EventDate "2022.09.17"]
[EventType "team-tourn"]
[EventRounds "9"]
[EventCountry "NED"]
[SourceTitle "CBM 213 Extra"]
[Source "ChessBase"]
[SourceDate "2023.05.31"]
[SourceVersion "1"]
[SourceVersionDate "2023.05.31"]
[SourceQuality "1"]
[WhiteTeam "Kennemer Combinatie"]
[BlackTeam "Apeldoorn Amevo"]
[WhiteTeamCountry "NED"]
[BlackTeamCountry "NED"]

1. d4 Nf6 2. c4 g6 3. Nc3 Bg7 4. e4 d6 5. Be2 0-0 6. Be3 Nc6 7. d5 Ne5 8. h3 e6 9. Nf3 Nxf3+ 10. Bxf3 Nd7 11. Qd2 Nc5 12. 0-0 a5 13. dxe6 fxe6 14. Rad1 b6 15. Bg5 Qd7 16. Bh6 Bb7 17. Bxg7 Qxg7 18. Qe3 Qe5 19. Rd2 Qf4 20. Qe1 Rf7 21. Bd1 Qe5 22. Re2 Nd3 23. Qd2 Nf4 24. Re3 Qg5 25. g3 Nxh3+ 26. Kh2 Nf4 27. gxf4 Qxf4+ 28. Kg2 Qg5+ 29. Kh2 Qf4+ 30. Kg2 Qg5+ 1/2-1/2

[Event "Sharjah Blitz op 27th"]
[Site "Sharjah"]
[Date "2022.04.08"]
[Round "9"]
[White "Sokolov, Ivan"]
[Black "Adly, Ahmed"]
[Result "1-0"]
[WhiteElo "2593"]
[BlackElo "2596"]
[PlyCount "77"]
[EventDate "2022.04.08"]
[EventType "swiss (blitz)"]
[EventRounds "9"]
[EventCountry "UAE"]
[SourceTitle "CBM 207 Extra"]
[Source "ChessBase"]
[SourceDate "2022.05.31"]
[SourceVersion "1"]
[SourceVersionDate "2022.05.31"]
[SourceQuality "1"]

1. d4 Nf6 2. c4 e6 3. Nc3 d5 4. cxd5 exd5 5. Bg5 c6 6. e3 Be7 7. Bd3 Bg4 8. Qc2 Nbd7 9. h3 Bh5 10. f4 h6 11. Bxf6 Bxf6 12. g4 Bh4+ 13. Kf1 Bg6 14. Bxg6 fxg6 15. Qxg6+ Kf8 16. Nf3 Be7 17. Ne5 Nxe5 18. fxe5 Qe8 19. Qxe8+ Rxe8 20. Ke2 Kf7 21. Raf1+ Ke6 22. Kd3 c5 23. Ne2 g5 24. Ng3 Rc8 25. Nh5 Rhg8 26. Rf5 Rc6 27. Rhf1 Ra6 28. Rf7 Rxa2 29. Ng7+ Kd7 30. e6+ Kd8 31. R1f5 c4+ 32. Kc2 Ba3 33. Rxd5+ Kc8 34. Rb5 Bf8 35. Rbxb7 Rxg7 36. Rxg7 Bxg7 37. Rxg7 Ra1 38. Rg8+ Kc7 39. e7 1-0

[Event "Sharjah Blitz op 27th"]
[Site "Sharjah"]
[Date "2022.04.08"]
[Round "5"]
[White "Sokolov, Ivan"]
[Black "El Adnani, Mokliss"]
[Result "0-1"]
[WhiteElo "2593"]
[BlackElo "2406"]
[PlyCount "114"]
[EventDate "2022.04.08"]
[EventType "swiss (blitz)"]
[EventRounds "9"]
[EventCountry "UAE"]
[SourceTitle "CBM 207 Extra"]
[Source "ChessBase"]
[SourceDate "2022.05.31"]
[SourceVersion "1"]
[SourceVersionDate "2022.05.31"]
[SourceQuality "1"]

1. d4 d5 2. Nf3 c5 3. c3 Nc6 4. dxc5 e6 5. b4 a5 6. b5 Nb8 7. Ba3 Qc7 8. b6 Qd8 9. e4 Nf6 10. exd5 Qxd5 11. Qxd5 Nxd5 12. Ne5 Bd7 13. Bc4 Na6 14. c6 Bxc6 15. Nxc6 Nxb6 16. Bxf8 Nxc4 17. Bxg7 Rg8 18. Ne5 Nd6 19. Bh6 Rxg2 20. Nd2 Nc5 21. Ke2 f6 22. Be3 Na4 23. Rhg1 Rxg1 24. Rxg1 0-0-0 25. Nec4 Nxc3+ 26. Kf3 Nf5 27. a3 Nh4+ 28. Kg3 Rg8+ 29. Kxh4 Rxg1 30. Nxa5 Nd5 31. Nac4 e5 32. Bc5 Nf4 33. Ne4 Rc1 34. Ncd6+ Kd7 35. Bb4 Ke6 36. Nxb7 f5 37. Ng5+ Kd5 38. Nxh7 Rg1 39. Nf6+ Ke6 40. Bd2 Kxf6 41. Bxf4 exf4 42. Nd6 Rg8 43. Kh3 Ke5 44. Nc4+ Ke4 45. Nd6+ Kf3 46. Nxf5 Rh8+ 47. Nh4+ Kxf2 48. Kg4 Ke3 49. Nf5+ Ke4 50. Nd6+ Kd5 51. Nf5 Ke5 52. Nh4 Rg8+ 53. Kf3 Ra8 54. Kg4 Ke4 55. h3 Rg8+ 56. Kh5 f3 57. Nxf3 Kxf3 0-1

[Event "Sharjah Rapid op 27th"]
[Site "Sharjah"]
[Date "2022.04.06"]
[Round "1"]
[White "Sokolov, Ivan"]
[Black "Altarabichi, Hamza"]
[Result "1-0"]
[WhiteElo "2593"]
[BlackElo "1293"]
[PlyCount "45"]
[EventDate "2022.04.06"]
[EventType "swiss (rapid)"]
[EventRounds "9"]
[EventCountry "UAE"]
[SourceTitle "CBM 207 Extra"]
[Source "ChessBase"]
[SourceDate "2022.05.31"]
[SourceVersion "1"]
[SourceVersionDate "2022.05.31"]
[SourceQuality "1"]

1. e4 c6 2. Nf3 d5 3. Nc3 Bg4 4. h3 Bh5 5. exd5 cxd5 6. Bb5+ Nc6 7. g4 Bg6 8. Ne5 Qd6 9. d4 a6 10. Bxc6+ bxc6 11. Bf4 Qf6 12. Qd2 Rc8 13. 0-0-0 e6 14. Bg5 Qxg5 15. Qxg5 f6 16. Qe3 fxe5 17. Qxe5 Kd7 18. Rhe1 Bf7 19. f4 Nf6 20. f5 Re8 21. Na4 exf5 22. Nb6+ Kd8 23. Qb8# 1-0